[Event "Knighthood Blitz"]
[Site "Vishy Anand Arena"]
[Date "2020.08.01"]
[Round "3"]
[White "Subhranp"]
[Black "Ym27"]
[Result "1-0"]
[WhiteElo "1375"]
[BlackElo "1578"]
[Annotator "NA"]
[PlyCount "83"]
[EventDate "2020.08.01"]
[EventType "swiss (blitz)"]

1. e4 e5 2. Nf3 Nc6 3. Bc4 Bc5 4. O-O Nf6 5. c3 O-O 6. d3 h6 7. Be3 Bb6 8. Nbd2 d6 9. Bb3 Na5 10. Bc2 Nc6 11. Nc4 Bd7 12. Nxb6 axb6 13. d4 exd4 14. cxd4 Re8 15. Nd2 Nb4 16. a3 Nxc2 17. Qxc2 Bb5 18. Rfe1 Bc6 19. f3 Kh8 20. d5 Bd7 21. Rec1 c6 22. dxc6 Bxc6 23. Bd4 Rc8 24. Qb3 Ra8 25. Bxb6 Qd7 26. Bd4 Ba4 27. Qb4 Bc6 28. Nc4 Ra4 29. Qc3 Ra6 30. Bxf6 gxf6 31. Qxf6+ Kh7 32. Nxd6 Rf8 33. Qf5+ Qxf5 34. Nxf5 Kg6 35. Rc5 Rb6 36. b4 Kf6 37. Rd1 Kg6 38. Rd6+ Kh7 39. Rxh6+ Kg8 40. Ne7+ Kg7 41. Rch5 f6 42. Rh7# 1-0

[Event "Knighthood Blitz"]
[Site "Vishy Anand Arena"]
[Date "2020.08.01"]
[Round "3"]
[White "Renier Gonsalves"]
[Black "IndianKing97"]
[Result "0-1"]
[WhiteElo "1327"]
[BlackElo "2440"]
[Annotator "NA"]
[PlyCount "68"]
[EventDate "2020.08.01"]
[EventType "swiss (blitz)"]

1. e4 c5 2. Nf3 e6 3. d4 cxd4 4. Nxd4 Nc6 5. Nc3 Qc7 6. Nf3 Nf6 7. g3 a6 8. Bg2 Bb4 9. Nd2 Bxc3 10. bxc3 O-O 11. O-O d5 12. exd5 exd5 13. Bb2 Ne5 14. Re1 Bg4 15. f3 Be6 16. Qe2 Qb6+ 17. Kh1 Qxb2 18. Qxe5 Qxc2 19. Nb3 Nd7 20. Qe2 Qxc3 21. Rac1 Qf6 22. Rcd1 Rfe8 23. Qd2 h5 24. Nd4 h4 25. g4 g5 26. Re2 Nf8 27. Rde1 Ng6 28. Qc2 Nf4 29. Nxe6 Nxe2 30. Rxe2 Rxe6 31. Rxe6 Qxe6 32. h3 Qe1+ 33. Kh2 Re8 34. Qe4 dxe4 0-1

[Event "Knighthood Blitz"]
[Site "Vishy Anand Arena"]
[Date "2020.08.01"]
[Round "3"]
[White "Chessplayer324"]
[Black "Karthikmurux"]
[Result "0-1"]
[WhiteElo "1223"]
[BlackElo "1589"]
[Annotator "NA"]
[PlyCount "92"]
[EventDate "2020.08.01"]
[EventType "swiss (blitz)"]

1. e4 c5 2. Nf3 Nc6 3. Nc3 e6 4. Bb5 Nge7 5. d3 Ng6 6. Bg5 Be7 7. Be3 O-O 8. O-O d5 9. Re1 d4 10. Bxd4 cxd4 11. Ne2 e5 12. Bxc6 bxc6 13. c3 dxc3 14. Nxc3 Bg4 15. h3 Bxf3 16. Qxf3 Nf4 17. g3 Qxd3 18. Qxd3 Nxd3 19. Red1 Nxb2 20. Rd7 Bb4 21. a3 Bxc3 22. Rc1 Bd4 23. Rc2 g6 24. Rxc6 Rfd8 25. Rcd6 Rxd7 26. Rxd7 Kf8 27. Kg2 Ke8 28. Rd6 Nc4 29. Rc6 Nxa3 30. f4 Kd7 31. Rc1 exf4 32. gxf4 Ke6 33. Rc6+ Kd7 34. Rc1 Nb5 35. Rd1 a5 36. Kg3 a4 37. Rb1 Kc6 38. Kg4 a3 39. Ra1 Bxa1 40. Kg5 Bg7 41. f5 a2 42. f6 Bxf6+ 43. Kxf6 a1=Q+ 44. Kxf7 Ra7+ 45. Ke6 Qg7 46. h4 Nd4# 0-1

[Event "Knighthood Blitz"]
[Site "Vishy Anand Arena"]
[Date "2020.08.01"]
[Round "3"]
[White "prasanthkp1"]
[Black "ThakurUdaiveer"]
[Result "1-0"]
[WhiteElo "1185"]
[BlackElo "1287"]
[Annotator "NA"]
[PlyCount "59"]
[EventDate "2020.08.01"]
[EventType "swiss (blitz)"]

1. e3 c5 2. c4 d6 3. Nc3 Nf6 4. d4 cxd4 5. Qxd4 e6 6. Nf3 Be7 7. Bd3 O-O 8. e4 Nc6 9. Qe3 h6 10. h4 b6 11. b3 Bb7 12. Nh2 Qc7 13. g4 Nh7 14. Rg1 g6 15. g5 h5 16. Nf3 Nb4 17. Bb1 Rfd8 18. e5 d5 19. Bb2 Bc5 20. Qe2 d4 21. Ne4 Bxe4 22. Bxe4 Rab8 23. a3 d3 24. Qd2 Nc2+ 25. Kd1 Ne3+ 26. Ke1 Nf5 27. Kf1 Bxf2 28. Qxf2 b5 29. Rd1 Qd7 30. Kg2 1-0

[Event "Knighthood Blitz"]
[Site "Vishy Anand Arena"]
[Date "2020.08.01"]
[Round "3"]
[White "Pranav104"]
[Black "Surisai"]
[Result "0-1"]
[WhiteElo "1110"]
[BlackElo "1623"]
[Annotator "NA"]
[PlyCount "68"]
[EventDate "2020.08.01"]
[EventType "swiss (blitz)"]

1. e4 d5 2. exd5 Nf6 3. Nc3 Nxd5 4. Nxd5 Qxd5 5. c4 Qe4+ 6. Ne2 Nc6 7. f3 Qh4+ 8. g3 Qxc4 9. Nc3 Qe6+ 10. Ne4 f5 11. Bh3 Qe5 12. f4 Qxe4+ 13. Kf2 Nd4 14. d3 Qc6 15. Be3 Nb5 16. a4 Nd6 17. Bf1 e6 18. d4 Be7 19. Bb5 Nxb5 20. axb5 Qxb5 21. Qa4 Qxa4 22. Rxa4 b6 23. Rc4 Bb7 24. Rhc1 c6 25. d5 exd5 26. R4c3 Bd6 27. g4 fxg4 28. f5 O-O 29. f6 Rxf6+ 30. Ke2 Bxh2 31. Bd4 Re8+ 32. Kd1 Rf3 33. Kc2 Rxc3+ 34. Kxc3 c5 0-1

[Event "Knighthood Blitz"]
[Site "Vishy Anand Arena"]
[Date "2020.08.01"]
[Round "3"]
[White "RIJUD"]
[Black "Hamza dhariwala"]
[Result "1-0"]
[WhiteElo "1106"]
[BlackElo "1249"]
[Annotator "NA"]
[PlyCount "59"]
[EventDate "2020.08.01"]
[EventType "swiss (blitz)"]

1. Nf3 d5 2. e3 Nf6 3. c4 e6 4. b3 c6 5. Nc3 Bb4 6. Bb2 Nbd7 7. g3 O-O 8. Bg2 b5 9. O-O bxc4 10. bxc4 dxc4 11. Rb1 Bb7 12. Na4 Rb8 13. Bc3 Bxc3 14. dxc3 Re8 15. Re1 Nf8 16. Nd4 e5 17. Bxc6 Bxc6 18. Nxc6 Qc7 19. Nxb8 Rxb8 20. Rxb8 Qxb8 21. Nc5 Ng6 22. h3 Qc8 23. Nb3 cxb3 24. axb3 Qxh3 25. Qf3 e4 26. Qe2 Ng4 27. f4 exf3 28. Qxf3 Qh2+ 29. Kf1 N6e5 30. Qa8# 1-0

[Event "Knighthood Blitz"]
[Site "Vishy Anand Arena"]
[Date "2020.08.01"]
[Round "4"]
[White "Dust Tornado"]
[Black "V-Bernadskiy"]
[Result "0-1"]
[WhiteElo "2824"]
[BlackElo "2538"]
[Annotator "TA"]
[PlyCount "86"]
[EventDate "2020.08.01"]
[EventType "swiss (blitz)"]

1. e4 c6 2. Nf3 d5 3. exd5 cxd5 4. Ne5 Nd7 5. d4 e6 6. c3 Nxe5 7. dxe5 Ne7 8. Nd2 Nc6 9. Nf3 Be7 10. Bd3 b6 11. h4 Bb7 12. Qe2 h6 13. Bf4 d4 14. Be4 dxc3 15. O-O cxb2 16. Qxb2 Na5 17. Rfd1 Qc8 18. Rac1 Bc5 19. Qb5+ Kf8 20. Bxb7 Nxb7 21. Rd7 a6 22. Qd3 Qc6 23. Be3 Kg8 24. h5 Rc8 25. Nh2 Rc7 26. Rxc7 Qxc7 27. Qxa6 Kh7 28. Qd3+ Kg8 29. Nf3 Kf8 30. a4 Ke7 31. Qc4 Rc8 32. Qh4+ Kf8 33. Qc4 Qd7 34. Nd2 Na5 35. Qb5 Qxb5 36. axb5 Ke7 37. Ne4 Nb7 38. Rc4 Rd8 39. Nxc5 bxc5 40. Bxc5+ Nxc5 41. Rxc5 Rd1+ 42. Kh2 Rb1 43. Rd5 exd5 0-1

[Event "Knighthood Blitz"]
[Site "Vishy Anand Arena"]
[Date "2020.08.01"]
[Round "4"]
[White "Oligarkh"]
[Black "Nihalsarin"]
[Result "1/2-1/2"]
[WhiteElo "2679"]
[BlackElo "2506"]
[Annotator "TA"]
[PlyCount "103"]
[EventDate "2020.08.01"]
[EventType "swiss (blitz)"]

1. d4 Nf6 2. c4 e6 3. Nc3 Bb4 4. e3 O-O 5. Nge2 c6 6. a3 Ba5 7. b4 Bc7 8. e4 d5 9. e5 Nfd7 10. Ng3 a5 11. Rb1 axb4 12. axb4 c5 13. bxc5 Ba5 14. Bd2 Nc6 15. Nb5 dxc4 16. Bxc4 Nxd4 17. Nxd4 Nxe5 18. O-O Qxd4 19. Bxa5 Qxd1 20. Rfxd1 Rxa5 21. Bb5 f5 22. h3 h6 23. Ne2 Ng6 24. Nd4 Kh7 25. Bc4 Rxc5 26. Bxe6 Rc7 27. Bxc8 Rfxc8 28. Nxf5 Rf8 29. Nd4 Nf4 30. Kh2 Rd7 31. Nb5 Re7 32. Nc3 Ne2 33. Nd5 Re5 34. f3 Rxd5 35. Rxd5 Nc3 36. Rdb5 Nxb1 37. Rxb1 Rb8 38. Rb6 Re8 39. Rxb7 Re2 40. Kg3 Re6 41. h4 Rg6+ 42. Kh3 Ra6 43. Rb5 Ra3 44. h5 Rc3 45. Kg4 Rc4+ 46. f4 Rc2 47. g3 Rc3 48. Re5 Rd3 49. Re4 Rc3 50. Re5 Ra3 51. Re4 Rc3 52. Re5 1/2-1/2

[Event "Knighthood Blitz"]
[Site "Vishy Anand Arena"]
[Date "2020.08.01"]
[Round "4"]
[White "FedoseevVladimir"]
[Black "Hickey"]
[Result "1-0"]
[WhiteElo "2677"]
[BlackElo "2129"]
[Annotator "TA"]
[PlyCount "81"]
[EventDate "2020.08.01"]
[EventType "swiss (blitz)"]

1. e4 c6 2. d4 d5 3. f3 e6 4. Be3 Nf6 5. Nc3 Bb4 6. Bd3 b6 7. Nge2 Ba6 8. O-O Bxd3 9. cxd3 Nbd7 10. Qa4 Bxc3 11. bxc3 Qc7 12. c4 O-O 13. Rfc1 Qb7 14. cxd5 cxd5 15. Rc6 Rfc8 16. Rac1 Rxc6 17. Qxc6 Qxc6 18. Rxc6 Kf8 19. Bf4 Ke7 20. Nc3 a6 21. a4 Kd8 22. Bc7+ Ke7 23. Bxb6 Nxb6 24. Rxb6 Rc8 25. Rb3 dxe4 26. fxe4 Ng4 27. h3 Ne3 28. Kf2 Nc2 29. d5 Nd4 30. Rb7+ Kf6 31. Ke3 Rxc3 32. Kxd4 Ra3 33. e5+ Kf5 34. Rxf7+ Kg6 35. dxe6 Rxa4+ 36. Kd5 Ra5+ 37. Kd6 Ra4 38. Rf3 Rd4+ 39. Kc7 Rd5 40. d4 Rxd4 41. e7 1-0

[Event "Knighthood Blitz"]
[Site "Vishy Anand Arena"]
[Date "2020.08.01"]
[Round "4"]
[White "Narayanansl"]
[Black "GM Abadi"]
[Result "1-0"]
[WhiteElo "2652"]
[BlackElo "2406"]
[Annotator "TA"]
[PlyCount "39"]
[EventDate "2020.08.01"]
[EventType "swiss (blitz)"]

1. e4 e6 2. d4 d5 3. Bd3 dxe4 4. Bxe4 Nf6 5. Bf3 c5 6. Ne2 Qc7 7. Nbc3 a6 8. Bg5 cxd4 9. Nxd4 Be7 10. Qe2 Bd7 11. O-O-O Nc6 12. Nxc6 Bxc6 13. Bxc6+ Qxc6 14. Bxf6 Bxf6 15. Nd5 Bg5+ 16. Kb1 O-O-O 17. Nb4 Qxg2 18. Rdg1 Qh3 19. Rxg5 Qh4 20. Rg4 1-0

[Event "Knighthood Blitz"]
[Site "Vishy Anand Arena"]
[Date "2020.08.01"]
[Round "4"]
[White "terryr"]
[Black "Openyagami"]
[Result "1-0"]
[WhiteElo "2558"]
[BlackElo "2060"]
[Annotator "TA"]
[PlyCount "117"]
[EventDate "2020.08.01"]
[EventType "swiss (blitz)"]

1. d4 Nf6 2. Nf3 g6 3. Bg5 Bg7 4. c3 Ne4 5. Bh4 c5 6. Nbd2 d5 7. e3 Nc6 8. Be2 O-O 9. O-O b6 10. Nxe4 dxe4 11. Nd2 f5 12. dxc5 bxc5 13. Nb3 Qd6 14. Bg3 Be5 15. Bc4+ Kg7 16. Qd5 Bxg3 17. hxg3 Rb8 18. Rab1 Ne5 19. Nxc5 Rd8 20. Rfd1 Nxc4 21. Qxc4 Qxd1+ 22. Rxd1 Rxd1+ 23. Kh2 Rxb2 24. Ne6+ Bxe6 25. Qxe6 Rb7 26. g4 fxg4 27. Qxe4 Rbd7 28. Qxg4 R1d2 29. Kg3 Rc7 30. Qf4 Rd6 31. a4 Rdc6 32. Qe5+ Kf7 33. Qd5+ e6 34. Qe5 Rxc3 35. Qh8 h5 36. Kf4 R3c4+ 37. e4 R4c5 38. e5 Rc4+ 39. Kg5 Rg4+ 40. Kh6 Re7 41. a5 Rxg2 42. f4 h4 43. Qf6+ Ke8 44. Qxh4 Rf7 45. Qh3 Rg1 46. Qxe6+ Re7 47. Qg8+ Kd7 48. Qd5+ Ke8 49. Qc6+ Kf7 50. Qf6+ Ke8 51. e6 Rh1+ 52. Kxg6 Rg1+ 53. Kf5 Rg8 54. Qe5 Rf8+ 55. Ke4 Rb7 56. Qd5 Rb4+ 57. Ke5 Rfxf4 58. Qd7+ Kf8 59. e7+ 1-0

[Event "Knighthood Blitz"]
[Site "Vishy Anand Arena"]
[Date "2020.08.01"]
[Round "4"]
[White "Chessworld1"]
[Black "Js3131"]
[Result "0-1"]
[WhiteElo "2535"]
[BlackElo "2391"]
[Annotator "NA"]
[PlyCount "176"]
[EventDate "2020.08.01"]
[EventType "swiss (blitz)"]

1. Nf3 c5 2. b3 Nc6 3. Bb2 e6 4. c4 d5 5. e3 d4 6. b4 dxe3 7. fxe3 Nxb4 8. d4 Nf6 9. a3 Nc6 10. Bd3 Be7 11. O-O O-O 12. Bc2 b6 13. Qd3 g6 14. Nbd2 Ba6 15. Qe2 Rc8 16. Bd3 Rc7 17. Rad1 Rd7 18. Nb3 Nh5 19. Be4 Bb7 20. d5 exd5 21. cxd5 Nb8 22. Ne5 Bd6 23. Nxd7 Nxd7 24. Nd2 Qe7 25. Bb1 Bxd5 26. Qd3 Qh4 27. Nf3 Bxf3 28. Qxd6 Bxd1 29. Rxd1 Ndf6 30. Rf1 Ng4 31. h3 Qg3 32. Qxg3 Nxg3 33. hxg4 Nxf1 34. Kxf1 Rc8 35. Ke2 b5 36. Bc3 Rb8 37. Kd3 b4 38. axb4 cxb4 39. Be5 Rc8 40. Bc2 a5 41. g5 Rc5 42. Bf6 Rd5+ 43. Ke2 Rd6 44. Ba4 h5 45. Bd4 Rd5 46. Bf6 Rc5 47. Kd3 Rc1 48. e4 Rb1 49. e5 b3 50. Kc3 Rg1 51. Bxb3 Rxg2 52. e6 Rg3+ 53. Kb2 fxe6 54. Bxe6+ Kh7 55. Bd8 h4 56. Bxa5 h3 57. Bc7 h2 58. Bd5 Rxg5 59. Bh1 Rg1 60. Bf3 h1=Q 61. Bxh1 Rxh1 62. Kc2 g5 63. Kd3 Kg6 64. Be5 Rc1 65. Bc3 Rg1 66. Bd2 Rg4 67. Be3 Kf5 68. Ke2 Rf4 69. Bxf4 Kxf4 70. Kf2 Kg4 71. Kg2 Kh4 72. Kf2 Kh5 73. Kg2 Kg4 74. Kh2 Kf3 75. Kg1 g4 76. Kf1 g3 77. Ke1 g2 78. Kd2 g1=Q 79. Kd3 Qe3+ 80. Kc4 Ke4 81. Kb5 Qd4 82. Ka6 Qd5 83. Ka7 Kd4 84. Kb8 Kc4 85. Ka7 Kc5 86. Kb8 Qf7 87. Kc8 Kc6 88. Kb8 Qb7# 0-1

[Event "Knighthood Blitz"]
[Site "Vishy Anand Arena"]
[Date "2020.08.01"]
[Round "4"]
[White "Alanp"]
[Black "Junosource"]
[Result "1-0"]
[WhiteElo "2450"]
[BlackElo "2064"]
[Annotator "TA"]
[PlyCount "51"]
[EventDate "2020.08.01"]
[EventType "swiss (blitz)"]

1. e4 c5 2. Nf3 Nc6 3. Bb5 g6 4. O-O Bg7 5. c3 e5 6. d4 exd4 7. cxd4 cxd4 8. Bf4 Nge7 9. Bd6 a6 10. Bc4 b5 11. Bb3 O-O 12. Nbd2 Bb7 13. Rc1 h6 14. e5 Re8 15. Ne4 Nf5 16. Nc5 Na5 17. Nxb7 Nxb7 18. Bc7 Qe7 19. Bd5 Rab8 20. Bxb8 Rxb8 21. Qd3 Nc5 22. Qa3 b4 23. Qa5 Rb5 24. Qc7 Nd3 25. Bc4 Rc5 26. Qb8+ 1-0

[Event "Knighthood Blitz"]
[Site "Vishy Anand Arena"]
[Date "2020.08.01"]
[Round "4"]
[White "Diptayan"]
[Black "EvilGenius"]
[Result "1-0"]
[WhiteElo "2445"]
[BlackElo "2731"]
[Annotator "TA"]
[PlyCount "157"]
[EventDate "2020.08.01"]
[EventType "swiss (blitz)"]

1. d4 Nf6 2. c4 e6 3. Nf3 d5 4. g3 Bb4+ 5. Bd2 Be7 6. Bg2 O-O 7. O-O Nbd7 8. Qc2 c6 9. Rd1 a5 10. b3 b5 11. Nc3 Ba6 12. cxb5 cxb5 13. e3 Rc8 14. Qb2 b4 15. Na4 Ne4 16. Rac1 Bd6 17. Be1 Rxc1 18. Rxc1 Qb8 19. Bf1 Bxf1 20. Kxf1 Rc8 21. Kg2 h6 22. Rc2 Qb7 23. Qc1 Rxc2 24. Qxc2 Kf8 25. Nd2 Nef6 26. Nf3 Ke7 27. Bd2 Qa6 28. Bc1 Ne4 29. Ne1 e5 30. Nd3 Qb5 31. Bb2 f6 32. h4 exd4 33. Bxd4 Qb8 34. Nf4 Kf7 35. Nxd5 Qe8 36. Qc4 Qe6 37. Ndb6 Nxb6 38. Nxb6 Qxc4 39. Nxc4 Bc7 40. Kf3 f5 41. g4 g6 42. gxf5 gxf5 43. h5 Ng5+ 44. Ke2 Ne4 45. Nd2 Ng5 46. Nf3 Ne6 47. Be5 Bb6 48. Nd2 Ng5 49. Nc4 Bd8 50. f3 Ke6 51. Bf4 Nf7 52. e4 fxe4 53. fxe4 Kd7 54. Kd3 Ke6 55. Kd4 Kd7 56. Kc5 Ng5 57. Bxg5 Bxg5 58. Nxa5 Ke6 59. Nc6 Bd2 60. Nxb4 Ke5 61. Nc6+ Kxe4 62. b4 Kf5 63. a4 Kg4 64. a5 Be3+ 65. Nd4 Kxh5 66. a6 Kg4 67. a7 h5 68. a8=Q Kh4 69. Qe4+ Bf4 70. Qxf4+ Kh3 71. Nf5 h4 72. Qxh4+ Kg2 73. Qg4+ Kf2 74. b5 Ke1 75. b6 Kd2 76. b7 Kc2 77. Qd4 Kc1 78. b8=Q Kc2 79. Qbb2# 1-0

[Event "Knighthood Blitz"]
[Site "Vishy Anand Arena"]
[Date "2020.08.01"]
[Round "4"]
[White "IndianKing97"]
[Black "Snitin"]
[Result "0-1"]
[WhiteElo "2440"]
[BlackElo "2214"]
[Annotator "NA"]
[PlyCount "78"]
[EventDate "2020.08.01"]
[EventType "swiss (blitz)"]

1. c4 g6 2. g3 Bg7 3. Bg2 e5 4. Nc3 d6 5. Nf3 f5 6. d3 Nf6 7. O-O O-O 8. Rb1 a5 9. a3 Nc6 10. b4 axb4 11. axb4 h6 12. b5 Ne7 13. Qb3 Be6 14. Bb2 c6 15. Ra1 Qd7 16. Rxa8 Rxa8 17. Rc1 g5 18. Ba3 g4 19. Nd2 h5 20. Qb4 c5 21. Qb3 Bh6 22. Rd1 h4 23. Nd5 Bxd5 24. cxd5 h3 25. Bh1 Bxd2 26. Rxd2 b6 27. Bb2 Kg7 28. Rd1 Ra5 29. Bc3 Qxb5 30. Qc2 Ra3 31. Qc1 Qa4 32. Qg5+ Kf7 33. Rc1 Ra2 34. f4 Rxe2 35. fxe5 dxe5 36. d6 Qa2 37. Bb7 Rg2+ 38. Kh1 Rxh2+ 39. Kg1 Qf2# 0-1

[Event "Knighthood Blitz"]
[Site "Vishy Anand Arena"]
[Date "2020.08.01"]
[Round "4"]
[White "Gk06"]
[Black "DusanPopovic"]
[Result "0-1"]
[WhiteElo "2435"]
[BlackElo "2477"]
[Annotator "NA"]
[PlyCount "190"]
[EventDate "2020.08.01"]
[EventType "swiss (blitz)"]

1. c4 g6 2. d4 Bg7 3. g3 Nf6 4. Bg2 O-O 5. Nf3 d6 6. O-O Nc6 7. Nc3 Bg4 8. h3 Bxf3 9. Bxf3 Nd7 10. e3 e5 11. d5 Ne7 12. e4 f5 13. Bg2 Nf6 14. h4 Rf7 15. Bh3 Qf8 16. Qe2 Bh6 17. c5 Bxc1 18. Raxc1 Kh8 19. cxd6 cxd6 20. Kg2 a6 21. f3 Rg7 22. Nd1 g5 23. exf5 gxh4 24. g4 Nxf5 25. Qf2 Nxd5 26. Kh2 Ng3 27. Rg1 Nf4 28. Rc2 d5 29. Qe3 Re8 30. Nf2 e4 31. fxe4 dxe4 32. Rgc1 Nd5 33. Qh6 Qf4 34. Qxf4 Nxf4 35. Rc8 Rge7 36. R1c7 e3 37. Rxe7 Rxc8 38. Rxe3 Rc2 39. Rf3 Nd3 40. Rxd3 Rxf2+ 41. Bg2 Rxb2 42. Rd8+ Kg7 43. Rd7+ Kg6 44. Kh3 Rxa2 45. Bxb7 Ne2 46. Be4+ Kf6 47. Kxh4 a5 48. g5+ Ke5 49. Bxh7 Nf4 50. Re7+ Kd6 51. Re4 Ne6 52. Bg8 Rh2+ 53. Kg3 Nxg5 54. Rd4+ Ke7 55. Rd5 Rh1 56. Kg2 Rh5 57. Rxa5 Kf6 58. Bb3 Rh6 59. Ra6+ Kg7 60. Ra7+ Kg6 61. Bc2+ Kh5 62. Ra6 Rxa6 63. Bd1+ Kh4 64. Be2 Ra5 65. Kf1 Ra4 66. Ke1 Ra3 67. Kd2 Ra2+ 68. Kc3 Rxe2 69. Kd3 Rf2 70. Kd4 Kg3 71. Ke5 Rf4 72. Kd6 Nf3 73. Kc6 Kg4 74. Kd5 Rf5+ 75. Kc6 Kg5 76. Kd6 Rf4 77. Kc7 Rd4 78. Kb8 Kf4 79. Ka7 Ke3 80. Kb6 Rd3 81. Kc5 Rd2 82. Kc4 Rc2+ 83. Kb4 Kd2 84. Kb5 Rc3 85. Kb6 Kd3 86. Kb5 Kd4 87. Ka4 Rc4+ 88. Ka5 Kd5 89. Ka6 Rc5 90. Kb7 Kd6 91. Ka8 Rc6 92. Ka7 Kd7 93. Ka8 Kd6 94. Ka7 Kc7 95. Ka8 Ra6# 0-1

[Event "Knighthood Blitz"]
[Site "Vishy Anand Arena"]
[Date "2020.08.01"]
[Round "4"]
[White "J2d"]
[Black "kngopal"]
[Result "1-0"]
[WhiteElo "2435"]
[BlackElo "1943"]
[PlyCount "69"]
[EventDate "2020.08.01"]
[EventType "swiss (blitz)"]

1. d4 d5 2. Nf3 c6 3. Bf4 Bf5 4. e3 e6 5. Bd3 Bxd3 6. Qxd3 Nd7 7. Nbd2 Ngf6 8. c4 Be7 9. O-O O-O 10. c5 Nh5 11. b4 Nxf4 12. exf4 a5 13. a3 b6 14. g3 bxc5 15. bxc5 Rb8 16. Rab1 Qc7 17. Kg2 h6 18. Qc2 Qa7 19. Qa4 Qa6 20. Rxb8 Rxb8 21. Rb1 Rxb1 22. Nxb1 Qd3 23. Nbd2 Nb8 24. Qxa5 Bf6 25. Qc7 Qb5 26. Ne5 Bxe5 27. fxe5 Na6 28. Qb6 Qd3 29. Nf3 Qxa3 30. Qxc6 Nb4 31. Qe8+ Kh7 32. Qxf7 Nd3 33. Qxe6 Qb2 34. Qf5+ Kh8 35. Qxd3 1-0

[Event "Knighthood Blitz"]
[Site "Vishy Anand Arena"]
[Date "2020.08.01"]
[Round "4"]
[White "Babysnake"]
[Black "Pavala"]
[Result "1-0"]
[WhiteElo "2419"]
[BlackElo "2088"]
[Annotator "RC"]
[PlyCount "109"]
[EventDate "2020.08.01"]
[EventType "swiss (blitz)"]

1. Nf3 e6 2. c4 d5 3. g3 Nf6 4. Bg2 Be7 5. d4 O-O 6. O-O dxc4 7. Qc2 b5 8. a4 b4 9. Nfd2 c6 10. Nxc4 Qxd4 11. Rd1 Qc5 12. Nbd2 Ba6 13. b3 Rd8 14. Bb2 Nbd7 15. Rac1 Bxc4 16. Nxc4 Nb6 17. Rxd8+ Rxd8 18. Nxb6 axb6 19. Bxc6 Rc8 20. Qxc5 Bxc5 21. Bf3 Nd7 22. Kg2 f6 23. Rd1 Rc7 24. e3 Kf7 25. Be2 Ke7 26. Bb5 Bd6 27. Bd4 Nc5 28. Rb1 Ne4 29. Bxb6 Rc2 30. Bd3 Rc6 31. Bxe4 Rxb6 32. Bxh7 f5 33. e4 Kf6 34. exf5 exf5 35. Bg8 Rc6 36. Bc4 Be5 37. Rd1 Bc3 38. a5 Rc5 39. a6 Ra5 40. Rd7 Ra2 41. Rf7+ Kg6 42. h4 Be1 43. h5+ Kh6 44. Rxf5 Bc3 45. g4 Bd4 46. Kg3 Bb6 47. f4 Bf2+ 48. Kf3 Bb6 49. Rg5 Rf2+ 50. Ke4 Ra2 51. Bg8 Re2+ 52. Kd3 Re3+ 53. Kc4 Re4+ 54. Kb5 Be3 55. Rg6# 1-0

[Event "Knighthood Blitz"]
[Site "Vishy Anand Arena"]
[Date "2020.08.01"]
[Round "4"]
[White "Irus1997"]
[Black "Zanta"]
[Result "1-0"]
[WhiteElo "2408"]
[BlackElo "1971"]
[Annotator "NA"]
[PlyCount "109"]
[EventDate "2020.08.01"]
[EventType "swiss (blitz)"]

1. e4 e5 2. Nf3 Nc6 3. Bb5 a6 4. Ba4 Nf6 5. d3 Bc5 6. Bxc6 dxc6 7. O-O Nd7 8. Nbd2 O-O 9. Nc4 Re8 10. a4 h6 11. a5 Qf6 12. h3 Nf8 13. Nh2 Ng6 14. Be3 Bd6 15. Qh5 Nf4 16. Bxf4 Qxf4 17. g3 Qg5 18. Qxg5 hxg5 19. Kg2 f6 20. Ng4 Kf7 21. Nge3 Bc5 22. Rab1 Be6 23. b4 Bd4 24. Nf5 Ba7 25. Nd2 Rh8 26. Rh1 Rh7 27. Ne3 Rah8 28. g4 Bd4 29. Nf3 Ba7 30. Nf5 g6 31. Ne3 Ke7 32. Nc4 Rd8 33. Kg3 Rdh8 34. Ncd2 Rd8 35. h4 Rdh8 36. Rbf1 gxh4+ 37. Rxh4 Rxh4 38. Nxh4 Kf7 39. Ng2 Bd4 40. Nf3 Bc3 41. Rb1 Ba2 42. Rd1 Bxb4 43. Ne3 Be6 44. Rb1 Bxa5 45. Rxb7 Bb6 46. g5 Bc8 47. Rb8 f5 48. Nxe5+ Ke6 49. Nxg6 Rg8 50. exf5+ Kd6 51. Kf4 a5 52. Nc4+ Kc5 53. Ne7 Be6 54. Nxg8 Bxg8 55. Rxg8 1-0

[Event "Knighthood Blitz"]
[Site "Vishy Anand Arena"]
[Date "2020.08.01"]
[Round "4"]
[White "Debashisdas"]
[Black "Hitter1999"]
[Result "0-1"]
[WhiteElo "2407"]
[BlackElo "2414"]
[Annotator "NA"]
[PlyCount "56"]
[EventDate "2020.08.01"]
[EventType "swiss (blitz)"]

1. d4 Nf6 2. c4 e6 3. Nf3 d5 4. Nc3 a6 5. cxd5 exd5 6. Bg5 Be6 7. e3 Nbd7 8. Bd3 Bd6 9. O-O c6 10. Bf4 Qb8 11. Qd2 O-O 12. h3 Re8 13. Rfe1 Nf8 14. Bxd6 Qxd6 15. Nh2 Bd7 16. Nf1 g6 17. f3 Ne6 18. Qf2 Rad8 19. Rad1 Bc8 20. Bc2 c5 21. a3 cxd4 22. exd4 Kg7 23. Ng3 Nf4 24. Nge2 N6h5 25. Nxf4 Nxf4 26. Kh1 Qf6 27. Kh2 h5 28. Re3 Nxh3 0-1

[Event "Knighthood Blitz"]
[Site "Vishy Anand Arena"]
[Date "2020.08.01"]
[Round "4"]
[White "Gupta_Sankalp"]
[Black "Maksim Chigaev"]
[Result "0-1"]
[WhiteElo "2403"]
[BlackElo "2539"]
[Annotator "TA"]
[PlyCount "102"]
[EventDate "2020.08.01"]
[EventType "swiss (blitz)"]

1. e4 e5 2. Nf3 Nc6 3. d4 exd4 4. Nxd4 Nf6 5. Nxc6 bxc6 6. e5 Qe7 7. Qe2 Nd5 8. c4 Ba6 9. Nd2 g6 10. Nf3 Qb4+ 11. Kd1 Ne7 12. Qc2 Bg7 13. b3 Kf8 14. Bb2 d6 15. exd6 cxd6 16. Bxg7+ Kxg7 17. Qd2 Qxd2+ 18. Kxd2 Rhd8 19. Bd3 c5 20. Rhe1 Rd7 21. Be4 Rad8 22. Rad1 d5 23. Bxd5 Nxd5 24. cxd5 Bb7 25. Kc3 Rxd5 26. Rxd5 Rxd5 27. Re7 Ba6 28. Rxa7 Bf1 29. a4 Bxg2 30. Nd2 Rh5 31. a5 Rxh2 32. a6 h5 33. Rc7 Rh3+ 34. f3 Bxf3 35. Nxf3 Rxf3+ 36. Kc4 Rf1 37. Kxc5 Ra1 38. Kb6 h4 39. Rc4 g5 40. Ra4 Re1 41. a7 Re8 42. Re4 Rh8 43. Kb7 h3 44. Re1 g4 45. a8=Q Rxa8 46. Kxa8 h2 47. b4 g3 48. b5 g2 49. b6 h1=Q 50. Rxh1 gxh1=Q+ 51. b7 f5 0-1

[Event "Knighthood Blitz"]
[Site "Vishy Anand Arena"]
[Date "2020.08.01"]
[Round "4"]
[White "CREATOR 1198"]
[Black "Superind2002"]
[Result "1-0"]
[WhiteElo "2392"]
[BlackElo "2243"]
[Annotator "NA"]
[PlyCount "87"]
[EventDate "2020.08.01"]
[EventType "swiss (blitz)"]

1. d4 Nf6 2. c4 e6 3. Nc3 Bb4 4. Qc2 O-O 5. e4 c5 6. e5 cxd4 7. a3 dxc3 8. axb4 cxb2 9. Bxb2 Ne8 10. Bd3 g6 11. h4 Nc6 12. Qd2 h5 13. Nf3 Kh7 14. b5 Ne7 15. g4 Ng7 16. Ng5+ Kh8 17. Ne4 Ng8 18. Nf6 b6 19. gxh5 Nxh5 20. Be4 d5 21. exd6 Ngxf6 22. Bxa8 e5 23. Bf3 Kh7 24. Rxa7 Be6 25. Rc7 Re8 26. O-O Nd7 27. Qg5 f6 28. Qg2 Nf4 29. Qg3 Rh8 30. Bc1 Kg8 31. Bxf4 exf4 32. Qxf4 Ne5 33. Bd5 Bxd5 34. cxd5 Rxh4 35. Qg3 Qxd6 36. Rc6 Nf3+ 37. Kg2 Rh2+ 38. Kxf3 Qxd5+ 39. Ke2 Qa2+ 40. Kd3 Qb3+ 41. Kd4 Qxb5 42. Qb8+ Kg7 43. Qc7+ Kh6 44. Qf4+ 1-0

[Event "Knighthood Blitz"]
[Site "Vishy Anand Arena"]
[Date "2020.08.01"]
[Round "4"]
[White "lnram"]
[Black "davidcheetah"]
[Result "1-0"]
[WhiteElo "2392"]
[BlackElo "1741"]
[PlyCount "75"]
[EventDate "2020.08.01"]
[EventType "swiss (blitz)"]

1. e4 d6 2. d4 Nf6 3. Nc3 c6 4. Bd3 Qa5 5. Nf3 e5 6. O-O Bg4 7. d5 Nbd7 8. dxc6 bxc6 9. h3 Bh5 10. Be2 Be7 11. Nd2 Bxe2 12. Qxe2 O-O 13. Nc4 Qc7 14. Ne3 Rfe8 15. Nf5 Bf8 16. Rd1 Rad8 17. Bg5 g6 18. Nh6+ Bxh6 19. Bxh6 Nh5 20. Qf3 Nf8 21. g4 Ng7 22. Ne2 Nfe6 23. c3 Qe7 24. Be3 Rf8 25. Qg3 f6 26. h4 g5 27. h5 h6 28. Qf3 Nf4 29. Ng3 c5 30. Bxf4 gxf4 31. Nf5 Nxf5 32. gxf5 Kh7 33. Kh2 Rg8 34. Rg1 Qf7 35. Rg6 Rg7 36. Rag1 Rdg8 37. Qg4 a5 38. Qh4 1-0

[Event "Knighthood Blitz"]
[Site "Vishy Anand Arena"]
[Date "2020.08.01"]
[Round "4"]
[White "Samudragupta"]
[Black "Surisai"]
[Result "1-0"]
[WhiteElo "2385"]
[BlackElo "1625"]
[Annotator "RC"]
[PlyCount "45"]
[EventDate "2020.08.01"]
[EventType "swiss (blitz)"]

1. d4 Nf6 2. Bf4 g6 3. e3 Bg7 4. Nf3 O-O 5. Be2 d5 6. O-O Nh5 7. Bg5 h6 8. Bh4 g5 9. Nfd2 Nf6 10. Bg3 c6 11. c4 Bf5 12. Nc3 dxc4 13. Nxc4 Nbd7 14. Rc1 Nb6 15. Na5 Ne4 16. Nxe4 Bxe4 17. Nxb7 Qc8 18. Nc5 Bg6 19. Ba6 Qf5 20. Bb7 Rab8 21. Bxb8 Rxb8 22. Bxc6 Nd5 23. e4 1-0